[Event "C.to Regionale Lombardia Seniores"]
[Site "Bratto - Castione della Presolana ITA"]
[Date "2014.07.03"]
[Round "4"]
[White "Cebalo, Miso"]
[Black "Gori, Andrea"]
[WhiteElo "2426"]
[BlackElo "2058"]
[Result "0-1"]
[PlyCount "174"]
[EventDate "2014.06.30"]

1. d4 g6 2. c4 Bg7 3. e4 d6 4. Nc3 e5 5. dxe5 dxe5 6. Qxd8+ Kxd8 7. f4 Nc6 8.
Nf3 Nd4 9. Bd3 Nxf3+ 10. gxf3 c6 11. fxe5 Bxe5 12. Be3 Kc7 13. O-O-O Ne7 14. f4
Bg7 15. Rhg1 Bd7 16. h4 h5 17. Bc5 Rhe8 18. e5 Rad8 19. Ne4 Bg4 20. Bd6+ Kc8
21. Rxg4 hxg4 22. Be2 Nf5 23. Bxg4 Rh8 24. Ng3 Rxh4 25. Bxf5+ gxf5 26. Nxf5 Rg4
27. c5 Bf8 28. Bxf8 Rxf8 29. Nd6+ Kc7 30. f5 b6 31. e6 fxe6 32. fxe6 Rg7 33.
Nf7 bxc5 34. a4 Re8 35. Rd7+ Kb6 36. Rd6 Rg2 37. Kb1 Re2 38. Nd8 Kc7 39. Rd7+
Kc8 40. Nf7 R8xe6 41. Rxa7 Rd2 42. Ra5 Rd5 43. Ra8+ Kc7 44. Ka2 Rf6 45. Ra7+
Kb6 46. Re7 Ka5 47. Ne5 Kxa4 48. Nd7 Rf2 49. Nb6+ Kb5 50. Nxd5 cxd5 51. Kb3
Rf3+ 52. Kc2 Kc4 53. Re2 d4 54. Rh2 Kb4 55. Rh8 Rf2+ 56. Kc1 Kb3 57. Rb8+ Kc4
58. Rh8 Re2 59. Rh5 d3 60. Rh8 Rc2+ 61. Kb1 Kd4 62. Rh4+ Ke5 63. Rh5+ Kf4 64.
Rh3 Ke4 65. Rh4+ Ke5 66. Rh6 Kf5 67. Rd6 c4 68. b3 Kf4 69. bxc4 Ke4 70. Rc6 Kd4
71. Rc8 Rxc4 72. Rh8 Ke3 73. Rh3+ Kd2 74. Rh2+ Kc3 75. Ra2 Rg4 76. Ra3+ Kd2 77.
Rb3 Rc4 78. Rb8 Kd1 79. Kb2 Kd2 80. Kb3 Rc6 81. Rd8 Rc7 82. Rd6 Rb7+ 83. Ka2
Kc2 84. Rc6+ Kd1 85. Rd6 d2 86. Re6 Rb5 87. Ka3 Kc2 0-1

[Event "C.to Regionale Lombardia Seniores"]
[Site "Bratto - Castione della Presolana ITA"]
[Date "2014.07.03"]
[Round "4"]
[White "Oteri, Aldo"]
[Black "Monzeglio, Graziella"]
[WhiteElo "1766"]
[BlackElo "1277"]
[Result "1-0"]
[PlyCount "37"]
[EventDate "2014.06.30"]

1. e4 d5 2. exd5 Qxd5 3. Nc3 Qe5+ 4. Be2 c6 5. Nf3 Qc7 6. d4 Bf5 7. O-O e6 8.
Re1 Nf6 9. Ne5 Bd6 10. Bf4 O-O 11. g4 Bg6 12. h4 Be4 13. g5 Nd5 14. Nxe4 Nxf4
15. Bf1 Nd7 16. Qg4 Bxe5 17. dxe5 Qxe5 18. Rad1 Nb6 19. Nf6+ 1-0

[Event "C.to Regionale Lombardia Seniores"]
[Site "Bratto - Castione della Presolana ITA"]
[Date "2014.07.03"]
[Round "4"]
[White "Raselli, Claudio"]
[Black "Scarpellini, Felice"]
[WhiteElo "1856"]
[BlackElo "1693"]
[Result "1/2-1/2"]
[PlyCount "46"]
[EventDate "2014.06.30"]

1. c4 Nf6 2. Nc3 e6 3. d4 d5 4. cxd5 exd5 5. Bg5 Be7 6. e3 O-O 7. Bd3 h6 8. Bh4
b6 9. Nge2 Bb7 10. O-O Ne4 11. Bxe7 Qxe7 12. Rc1 c5 13. Nf4 Nxc3 14. Rxc3 c4
15. Bb1 Nd7 16. Qc2 Nf6 17. Nh5 g6 18. Nxf6+ Qxf6 19. a4 a6 20. Qe2 b5 21. axb5
axb5 22. f4 Bc8 23. f5 Qg5 1/2-1/2

[Event "C.to Regionale Lombardia Seniores"]
[Site "Bratto - Castione della Presolana ITA"]
[Date "2014.07.03"]
[Round "4"]
[White "Savoldelli, Dario"]
[Black "Frignani, Alessandro"]
[WhiteElo "1815"]
[BlackElo "1454"]
[Result "1-0"]
[PlyCount "39"]
[EventDate "2014.06.30"]

1. e4 e5 2. Nf3 Qf6 3. Nc3 c6 4. d4 exd4 5. Nxd4 Bc5 6. Be3 Bb4 7. Qd2 h6 8.
O-O-O Ne7 9. f4 d6 10. h3 Ng6 11. Bd3 Bxc3 12. Qxc3 Nxf4 13. Rhf1 Nxd3+ 14.
cxd3 Qg6 15. g4 O-O 16. Nf5 Re8 17. Bd4 c5 18. Bxg7 Bxf5 19. gxf5 Qxg7 20. Rg1
1-0

[Event "C.to Regionale Lombardia Seniores"]
[Site "Bratto - Castione della Presolana ITA"]
[Date "2014.07.04"]
[Round "5"]
[White "De Marco, Walter"]
[Black "Oteri, Aldo"]
[WhiteElo "1863"]
[BlackElo "1766"]
[Result "1-0"]
[PlyCount "115"]
[EventDate "2014.06.30"]

1. d4 Nf6 2. Nc3 d5 3. Bg5 e6 4. e4 dxe4 5. Nxe4 Be7 6. Nxf6+ Bxf6 7. Bxf6 Qxf6
8. Nf3 O-O 9. Qe2 c5 10. Qe5 Qxe5+ 11. dxe5 Bd7 12. Nd2 Bc6 13. Rg1 Nd7 14. f4
b5 15. Bd3 Nb6 16. c4 Rad8 17. cxb5 Rxd3 18. bxc6 Rc8 19. g3 Rxc6 20. Ke2 Rd4
21. Rgd1 f6 22. Nf3 Rb4 23. b3 Nd5 24. Rac1 a5 25. Nd4 cxd4 26. Rxc6 Nc3+ 27.
Rxc3 dxc3 28. Kd3 fxe5 29. fxe5 Rb5 30. Kxc3 Rxe5 31. Rd2 Kf7 32. Kc4 h5 33. a3
Kf6 34. b4 axb4 35. axb4 h4 36. gxh4 Re4+ 37. Rd4 Re2 38. h3 e5 39. Rd3 Re4+
40. Kc5 Rxh4 41. b5 e4 42. Re3 Ke5 43. b6 Kf4 44. Kd4 Kf5 45. b7 Rh8 46. Rb3
Rb8 47. Ke3 g5 48. Rb5+ Kg6 49. Kxe4 Kh5 50. Rb3 Kh4 51. Kf5 Rf8+ 52. Kg6 Rg8+
53. Kf7 Rb8 54. Ke6 Re8+ 55. Kd7 Rh8 56. Kc7 Rh7+ 57. Kb6 Rh6+ 58. Ka7 1-0

[Event "C.to Regionale Lombardia Seniores"]
[Site "Bratto - Castione della Presolana ITA"]
[Date "2014.07.04"]
[Round "5"]
[White "Frignani, Alessandro"]
[Black "Alessandro, Sergio"]
[WhiteElo "1454"]
[BlackElo "1635"]
[Result "0-1"]
[PlyCount "28"]
[EventDate "2014.06.30"]

1. e4 d5 2. e5 d4 3. f4 Nc6 4. Nf3 Bf5 5. d3 e6 6. a3 Be7 7. Nbd2 h5 8. h4 Nh6
9. Nb3 Bg4 10. g3 Nf5 11. Kf2 Rh6 12. Qe1 Bxf3 13. Bg2 Bxg2 14. Kxg2 Rg6 0-1

[Event "C.to Regionale Lombardia Seniores"]
[Site "Bratto - Castione della Presolana ITA"]
[Date "2014.07.04"]
[Round "5"]
[White "Gori, Andrea"]
[Black "Albanesi, Roberto"]
[WhiteElo "2058"]
[BlackElo "1964"]
[Result "1/2-1/2"]
[PlyCount "60"]
[EventDate "2014.06.30"]

1. e4 d6 2. Nc3 Nf6 3. d4 g6 4. Be2 Bg7 5. Be3 a6 6. h4 h5 7. f3 b5 8. Qd2 Nbd7
9. Nh3 Bb7 10. Nf2 Nb6 11. O-O Nfd7 12. Rae1 Rc8 13. g3 c5 14. f4 cxd4 15. Bxd4
O-O 16. Bxg7 Kxg7 17. Qd4+ Kg8 18. Bd3 Nc5 19. f5 Nxd3 20. cxd3 Qc7 21. Qe3 Kh7
22. Qg5 Rce8 23. Nh3 Qc5+ 24. Kh2 Nd7 25. Nf4 Ne5 26. fxg6+ Nxg6 27. Qxc5 dxc5
28. Nxh5 Ne5 29. Nf4 Rd8 30. Re2 Nxd3 1/2-1/2

[Event "C.to Regionale Lombardia Seniores"]
[Site "Bratto - Castione della Presolana ITA"]
[Date "2014.07.04"]
[Round "5"]
[White "Monzeglio, Graziella"]
[Black "Savoldelli, Dario"]
[WhiteElo "1277"]
[BlackElo "1815"]
[Result "0-1"]
[PlyCount "42"]
[EventDate "2014.06.30"]

1. d4 Nf6 2. Nf3 g6 3. e3 Bg7 4. Bd3 d6 5. O-O O-O 6. Nbd2 Nbd7 7. Re1 c6 8. e4
e5 9. c3 Qc7 10. h3 Re8 11. Nc4 b5 12. Ne3 exd4 13. cxd4 Nxe4 14. Bxe4 Rxe4 15.
Ng4 Rxe1+ 16. Qxe1 Qd8 17. Nh6+ Bxh6 18. Bxh6 Nf8 19. Qe3 Be6 20. Re1 Bd5 21.
Ne5 dxe5 0-1

[Event "C.to Regionale Lombardia Seniores"]
[Site "Bratto - Castione della Presolana ITA"]
[Date "2014.07.04"]
[Round "5"]
[White "Raineri, Valerio"]
[Black "Raselli, Claudio"]
[WhiteElo "2108"]
[BlackElo "1856"]
[Result "0-1"]
[PlyCount "56"]
[EventDate "2014.06.30"]

1. e4 c5 2. Nf3 e6 3. d4 cxd4 4. Nxd4 a6 5. Bd3 Qc7 6. Be3 Nf6 7. O-O b5 8. a4
Bb7 9. Nd2 b4 10. Qe2 Nc6 11. f4 d6 12. N4b3 Be7 13. Nc4 d5 14. Nb6 Rd8 15. e5
Ne4 16. Bxa6 d4 17. Bxb7 Qxb7 18. Bc1 Nc5 19. Qb5 Nxb3 20. cxb3 O-O 21. Nc4 Qa8
22. Bd2 Rd5 23. Nb6 Rxb5 24. Nxa8 Rb7 25. Rfc1 Na5 26. Nc7 Nxb3 27. Nb5 Nxd2
28. Nxd4 Rd7 0-1

[Event "C.to Regionale Lombardia Seniores"]
[Site "Bratto - Castione della Presolana ITA"]
[Date "2014.07.04"]
[Round "5"]
[White "Scarpellini, Felice"]
[Black "Cebalo, Miso"]
[WhiteElo "1693"]
[BlackElo "2426"]
[Result "0-1"]
[PlyCount "50"]
[EventDate "2014.06.30"]

1. c4 c5 2. g3 g6 3. Bg2 Bg7 4. Nf3 Nc6 5. O-O a6 6. Nc3 Rb8 7. d3 b5 8. cxb5
axb5 9. Ne4 d6 10. Rb1 Nh6 11. Bf4 O-O 12. Nxc5 dxc5 13. Bxb8 Nxb8 14. Qc2 Na6
15. a3 Nf5 16. b4 cxb4 17. axb4 Qd6 18. Qb3 Bb7 19. e4 Nd4 20. Nxd4 Qxd4 21.
Rfc1 Rd8 22. Bf1 h5 23. h4 Be5 24. Kg2 Bd6 25. Qc3 Bxb4 0-1

[Event "C.to Regionale Lombardia Seniores"]
[Site "Bratto - Castione della Presolana ITA"]
[Date "2014.07.05"]
[Round "6"]
[White "Albanesi, Roberto"]
[Black "Raineri, Valerio"]
[WhiteElo "1964"]
[BlackElo "2108"]
[Result "0-1"]
[PlyCount "60"]
[EventDate "2014.06.30"]

1. c4 e5 2. g3 f5 3. Nc3 Nf6 4. Nf3 d6 5. d4 e4 6. Nh4 c6 7. Bg5 Be7 8. e3 O-O
9. Ng2 Na6 10. Nf4 Nc7 11. h4 Ng4 12. Bxe7 Qxe7 13. Be2 Nf6 14. Bf1 Bd7 15. Bh3
g6 16. Qe2 Rab8 17. O-O Qf7 18. f3 exf3 19. Qxf3 Qxc4 20. Rac1 Qf7 21. e4 fxe4
22. Nxe4 Nxe4 23. Qxe4 Bxh3 24. Nxh3 Qe6 25. Ng5 Qxe4 26. Nxe4 d5 27. Rxf8+
Rxf8 28. Nd6 Ne6 29. Rd1 b6 30. b4 Rd8 0-1

[Event "C.to Regionale Lombardia Seniores"]
[Site "Bratto - Castione della Presolana ITA"]
[Date "2014.07.05"]
[Round "6"]
[White "Alessandro, Sergio"]
[Black "Monzeglio, Graziella"]
[WhiteElo "1635"]
[BlackElo "1277"]
[Result "1-0"]
[PlyCount "39"]
[EventDate "2014.06.30"]

1. b4 b6 2. Bb2 Bb7 3. e3 Nf6 4. Nf3 e6 5. b5 d5 6. Be2 Bd6 7. O-O O-O 8. c4
dxc4 9. Bxc4 Bd5 10. Be2 a6 11. a4 c6 12. Nc3 Re8 13. Qc2 axb5 14. axb5 Rxa1
15. Bxa1 Qc8 16. e4 Ng4 17. g3 cxb5 18. exd5 b4 19. Qa4 Nd7 20. Nb5 1-0

[Event "C.to Regionale Lombardia Seniores"]
[Site "Bratto - Castione della Presolana ITA"]
[Date "2014.07.05"]
[Round "6"]
[White "Cebalo, Miso"]
[Black "De Marco, Walter"]
[WhiteElo "2426"]
[BlackElo "1863"]
[Result "1-0"]
[PlyCount "76"]
[EventDate "2014.06.30"]

1. d4 h6 2. c4 g5 3. Nc3 Bg7 4. e4 c5 5. d5 d6 6. Be2 Nd7 7. h4 Bxc3+ 8. bxc3
gxh4 9. Nf3 Qa5 10. Bd2 Ngf6 11. Rxh4 h5 12. Qc2 Ne5 13. Nxe5 dxe5 14. Rb1 b6
15. Bg5 Ba6 16. Bxf6 exf6 17. g4 Ke7 18. gxh5 Rag8 19. Kd2 Rg2 20. Ke3 Rg5 21.
Rhh1 Kd6 22. Qb3 Bc8 23. Rbg1 Bd7 24. f4 exf4+ 25. Kxf4 Re5 26. Bd3 Rhxh5 27.
Rxh5 Rxh5 28. Qc2 Rh4+ 29. Kf3 Rh3+ 30. Rg3 Rxg3+ 31. Kxg3 Ke7 32. Kf3 a6 33.
Qd2 b5 34. e5 fxe5 35. Qg5+ Kf8 36. Qxe5 Qb6 37. d6 Qb7+ 38. Be4 Qc8 1-0

[Event "C.to Regionale Lombardia Seniores"]
[Site "Bratto - Castione della Presolana ITA"]
[Date "2014.07.05"]
[Round "6"]
[White "Frignani, Alessandro"]
[Black "Scarpellini, Felice"]
[WhiteElo "1454"]
[BlackElo "1693"]
[Result "1/2-1/2"]
[PlyCount "66"]
[EventDate "2014.06.30"]

1. e4 c5 2. Nc3 e6 3. Bc4 a6 4. f4 d6 5. Nf3 Nf6 6. d4 cxd4 7. Qxd4 Nc6 8. Qf2
b5 9. Bd3 Be7 10. h3 Qc7 11. Be3 Nd7 12. Qg3 g6 13. a3 Bb7 14. h4 O-O-O 15. O-O
h5 16. Ng5 Rdf8 17. f5 Bxg5 18. Qxg5 Nde5 19. fxe6 fxe6 20. Rxf8+ Rxf8 21. Rf1
Rxf1+ 22. Bxf1 Qf7 23. Be2 Kd7 24. b4 Qe7 25. Kh2 Qxg5 26. Bxg5 Nd4 27. Bd3 Nc4
28. a4 Nb2 29. axb5 Nxd3 30. bxa6 Bxa6 31. cxd3 Bxd3 32. Kg3 Nb5 33. Nxb5 Bxb5
1/2-1/2

[Event "C.to Regionale Lombardia Seniores"]
[Site "Bratto - Castione della Presolana ITA"]
[Date "2014.07.05"]
[Round "6"]
[White "Gori, Andrea"]
[Black "Raselli, Claudio"]
[WhiteElo "2058"]
[BlackElo "1856"]
[Result "1-0"]
[PlyCount "59"]
[EventDate "2014.06.30"]

1. e4 c5 2. f4 d5 3. exd5 Qxd5 4. Nc3 Qd8 5. Nf3 Nc6 6. Bb5 Bd7 7. Qe2 Nf6 8.
Ne5 Nd4 9. Qc4 e6 10. O-O a6 11. Bxd7+ Nxd7 12. Qd3 Bd6 13. Nxd7 Qxd7 14. Ne4
Be7 15. b3 Rd8 16. Bb2 O-O 17. Kh1 Qd5 18. Rae1 Qh5 19. Qg3 Qg6 20. Qc3 Nb5 21.
Qe3 Nd4 22. Qc3 Nb5 23. Qc4 Nd6 24. Nxd6 Bxd6 25. Re3 Rfe8 26. Rg3 Qh5 27.
Rxg7+ Kf8 28. Rg5 Qh4 29. Bf6 b5 30. Qc3 1-0

[Event "C.to Regionale Lombardia Seniores"]
[Site "Bratto - Castione della Presolana ITA"]
[Date "2014.07.05"]
[Round "6"]
[White "Savoldelli, Dario"]
[Black "Oteri, Aldo"]
[WhiteElo "1815"]
[BlackElo "1766"]
[Result "1-0"]
[PlyCount "87"]
[EventDate "2014.06.30"]

1. d4 Nf6 2. Nf3 b6 3. e3 Bb7 4. Bd3 e6 5. Nbd2 d5 6. O-O Bd6 7. c3 Nbd7 8. Qc2
O-O 9. e4 dxe4 10. Nxe4 Nxe4 11. Bxe4 Bxe4 12. Qxe4 Nf6 13. Qe2 h6 14. Re1 c6
15. Ne5 Qc7 16. Bf4 Rae8 17. Bg3 b5 18. Rac1 Nd7 19. Nxd7 Qxd7 20. Bxd6 Qxd6
21. Qe5 Qd5 22. Qxd5 cxd5 23. Rcd1 Rc8 24. Re3 Rc6 25. f4 a5 26. Red3 Rfc8 27.
Kf2 b4 28. cxb4 Rc2+ 29. R1d2 Rxd2+ 30. Rxd2 axb4 31. Ke3 Ra8 32. b3 Rc8 33.
Ke2 Kh7 34. Kd1 Kg6 35. Rc2 Rxc2 36. Kxc2 Kf5 37. a4 bxa3 38. b4 e5 39. fxe5 f6
40. exf6 gxf6 41. b5 Ke6 42. Kb3 h5 43. Kxa3 h4 44. h3 1-0

[Event "C.to Italiano Semifinale"]
[Site "Civitanova Marche ITA"]
[Date "2014.07.19"]
[Round "1"]
[White "Albertini, Luca"]
[Black "Stella, Andrea"]
[WhiteElo "2159"]
[BlackElo "2428"]
[Result "0-1"]
[PlyCount "56"]
[EventDate "2014.07.19"]

1. e4 e6 2. d4 d5 3. Nd2 c5 4. exd5 exd5 5. Ngf3 Nf6 6. h3 Be7 7. dxc5 Bxc5 8.
Nb3 Bb6 9. Bb5+ Nc6 10. O-O O-O 11. Bg5 h6 12. Bf4 Ne4 13. Bxc6 bxc6 14. Be5
Ba6 15. Nfd2 Nxd2 16. Qxd2 Bxf1 17. Rxf1 c5 18. a4 a5 19. Qc3 f6 20. Bf4 Re8
21. Rd1 Kh8 22. Qd2 Qe7 23. Bxh6 c4 24. Nc1 gxh6 25. Qxh6+ Kg8 26. Rxd5 Bxf2+
27. Kxf2 Qe1+ 28. Kf3 Qe4+ 0-1

[Event "C.to Italiano Semifinale"]
[Site "Civitanova Marche ITA"]
[Date "2014.07.19"]
[Round "1"]
[White "Bove, Alessandro"]
[Black "Rinaudo, Sergio"]
[WhiteElo "2323"]
[BlackElo "2132"]
[Result "1-0"]
[PlyCount "105"]
[EventDate "2014.07.19"]

1. e4 e5 2. f4 exf4 3. d4 d5 4. exd5 Qxd5 5. Bxf4 Bb4+ 6. c3 Bd6 7. Bxd6 Qxd6
8. Na3 Nf6 9. Nb5 Qe7+ 10. Qe2 Be6 11. Qe5 Na6 12. O-O-O Bxa2 13. Qxe7+ Kxe7
14. c4 Bb3 15. Re1+ Kd8 16. Nf3 Ba4 17. Ne5 Rf8 18. Nc3 Bd7 19. Be2 Nb4 20. g4
Nc6 21. g5 Ne8 22. Nxd7 Kxd7 23. Bg4+ Kd8 24. c5 f6 25. h4 fxg5 26. hxg5 Rf4
27. Re4 Rxe4 28. Nxe4 Ke7 29. Rxh7 Nxd4 30. Nf6 Kf8 31. Rh8+ Kf7 32. Nxe8 Kg6
33. Rh1 Kxg5 34. Nxc7 Rb8 35. Ne6+ Kxg4 36. Rg1+ Kh5 37. Nxd4 g5 38. Kd2 Re8
39. b4 g4 40. Kd3 Re7 41. b5 Rc7 42. c6 bxc6 43. bxc6 Kh4 44. Kc4 Kh3 45. Kd5
g3 46. Kd6 Rc8 47. c7 Rg8 48. Kd7 g2 49. c8=Q Rxc8 50. Kxc8 Kg3 51. Ra1 Kf2 52.
Ra2+ Kg3 53. Ne2+ 1-0

[Event "C.to Italiano Semifinale"]
[Site "Civitanova Marche ITA"]
[Date "2014.07.19"]
[Round "1"]
[White "Brociner, Beniamino"]
[Black "Altini, Nicola"]
[WhiteElo "2154"]
[BlackElo "2412"]
[Result "1/2-1/2"]
[PlyCount "99"]
[EventDate "2014.07.19"]

1. Nf3 c5 2. e4 Nc6 3. d4 cxd4 4. Nxd4 g6 5. Nc3 Bg7 6. Nb3 Nf6 7. Be2 d6 8.
O-O O-O 9. Re1 Bd7 10. Bf1 a5 11. a4 Nb4 12. Nb5 Bc6 13. c3 Na6 14. f3 b6 15.
Be3 Bb7 16. Bf2 Nd7 17. N3d4 Ndc5 18. Bc4 Nc7 19. Nxc7 Qxc7 20. Bd5 Rac8 21.
Nb5 Qb8 22. Bxb7 Qxb7 23. Rb1 Rfd8 24. b4 axb4 25. cxb4 Ne6 26. a5 bxa5 27.
bxa5 Nc5 28. Nc3 Qa7 29. Nd5 Rb8 30. Qd2 e6 31. Rxb8 Rxb8 32. Nb6 Bf8 33. Nd7
Qxd7 34. Bxc5 Qc6 35. Bb6 d5 36. Rc1 Qb5 37. Qf4 Rxb6 38. axb6 Qxb6+ 39. Kh1
dxe4 40. fxe4 Qd4 41. Rf1 Qd7 42. h3 h5 43. Rc1 Qd4 44. Rf1 Qd7 45. e5 Bg7 46.
Qe4 Qc7 47. Qa8+ Bf8 48. Qe8 Kg7 49. Qb5 Kg8 50. Qe8 1/2-1/2

[Event "C.to Italiano Semifinale"]
[Site "Civitanova Marche ITA"]
[Date "2014.07.19"]
[Round "1"]
[White "Bruno, Fabio"]
[Black "Zamengo, Fulvio"]
[WhiteElo "2428"]
[BlackElo "2162"]
[Result "1-0"]
[PlyCount "91"]
[EventDate "2014.07.19"]

1. Nf3 c5 2. c4 Nf6 3. Nc3 e6 4. e3 Be7 5. d4 cxd4 6. exd4 O-O 7. Bd3 d6 8. O-O
b6 9. Re1 Bb7 10. d5 e5 11. Rb1 Nbd7 12. b4 Ne8 13. Qc2 g6 14. Bh6 Ng7 15. Qd2
Re8 16. Ng5 Bf8 17. f4 Qe7 18. Nf3 f5 19. Nb5 e4 20. Ng5 Nf6 21. h3 Ba6 22. Bc2
Rec8 23. Bb3 Qd7 24. a4 Kh8 25. Rbc1 Bxb5 26. cxb5 Ng8 27. Bxg7+ Bxg7 28. Rc6
h6 29. Ne6 Ne7 30. Rec1 Nxc6 31. bxc6 Qe7 32. c7 a6 33. Qe3 b5 34. a5 Qf6 35.
Rc6 Re8 36. Rxd6 Rac8 37. Rc6 Qb2 38. Nxg7 Qxg7 39. d6 Qd7 40. Bd5 Kh7 41. Rxa6
g5 42. Bb7 gxf4 43. Qxf4 e3 44. Bxc8 Rxc8 45. Qxe3 Re8 46. c8=Q 1-0

[Event "C.to Italiano Semifinale"]
[Site "Civitanova Marche ITA"]
[Date "2014.07.19"]
[Round "1"]
[White "Dappiano, Andrea"]
[Black "De Filomeno, Simone"]
[WhiteElo "2190"]
[BlackElo "2440"]
[Result "0-1"]
[PlyCount "40"]
[EventDate "2014.07.19"]

1. e4 c5 2. Nc3 Nc6 3. g3 g6 4. Bg2 Bg7 5. d3 d6 6. Be3 e5 7. Nge2 Nge7 8. O-O
O-O 9. f4 Nd4 10. Qd2 Be6 11. Rae1 Rc8 12. b3 Qd7 13. Nd5 Nxd5 14. exd5 Bg4 15.
Nc1 Nf5 16. fxe5 Nxe3 17. Rxe3 Bh6 18. Qf2 Bxe3 19. Qxe3 Rfe8 20. Qf2 Rxe5 0-1

[Event "C.to Italiano Semifinale"]
[Site "Civitanova Marche ITA"]
[Date "2014.07.19"]
[Round "1"]
[White "Genocchio, Daniele"]
[Black "Andreoni, Giuseppe"]
[WhiteElo "2404"]
[BlackElo "2150"]
[Result "1/2-1/2"]
[PlyCount "116"]
[EventDate "2014.07.19"]

1. Nf3 Nf6 2. c4 g6 3. Nc3 d5 4. cxd5 Nxd5 5. g3 Bg7 6. Bg2 O-O 7. O-O Nc6 8.
d4 Nb6 9. e3 Re8 10. Re1 a5 11. h3 a4 12. Rb1 h6 13. Qe2 e5 14. dxe5 Nxe5 15.
Nd4 c6 16. Rd1 Qe7 17. b3 axb3 18. axb3 Ned7 19. Qc2 Nc5 20. b4 Ne6 21. Nce2
Rd8 22. Bb2 Nd5 23. Nxe6 Bxe6 24. Bxg7 Kxg7 25. Nd4 Nc7 26. Rb2 h5 27. Re1 Qf6
28. Reb1 Bd5 29. b5 Bxg2 30. Kxg2 Nxb5 31. Nxb5 cxb5 32. Rxb5 Qc6+ 33. Qxc6
bxc6 34. Rc5 Rd6 35. Rb6 Rc8 36. Rb7 Ra8 37. Rb6 Rc8 38. Rc4 Rc7 39. e4 Re7 40.
Rb3 Ra7 41. Rbc3 Ra6 42. g4 hxg4 43. hxg4 g5 44. Rf3 Re6 45. Kg3 Kg6 46. Rf5
Ra3+ 47. f3 f6 48. Rd4 Rc3 49. Rd8 c5 50. Rc8 c4 51. Rc7 Rd6 52. Re7 Re3 53.
Kf2 Rb3 54. e5 Rc6 55. exf6 Rxf6 56. Ree5 Rxf5 57. Rxf5 Rc3 58. Ke2 Rd3 1/2-1/2

[Event "C.to Italiano Semifinale"]
[Site "Civitanova Marche ITA"]
[Date "2014.07.19"]
[Round "1"]
[White "Gilevych, Artem"]
[Black "Viviani, Alessio"]
[WhiteElo "2362"]
[BlackElo "2137"]
[Result "1-0"]
[PlyCount "73"]
[EventDate "2014.07.19"]

1. d4 Nf6 2. Nf3 g6 3. c4 Bg7 4. Nc3 O-O 5. e4 d6 6. Be2 c5 7. O-O cxd4 8. Nxd4
Nc6 9. Be3 Bd7 10. Rc1 Nxd4 11. Bxd4 Bc6 12. f3 a5 13. b3 Bh6 14. Rc2 e5 15.
Bf2 Nh5 16. Nb5 Bxb5 17. cxb5 Nf4 18. Bc4 Rc8 19. Kh1 d5 20. exd5 Qd6 21. Qd2
Bg5 22. Qxa5 Bd8 23. b6 f5 24. b4 Rxc4 25. Rxc4 Nd3 26. Rc8 Qd7 27. Rc3 e4 28.
Bd4 f4 29. fxe4 f3 30. Rxd3 fxg2+ 31. Kxg2 Qg4+ 32. Rg3 Qxe4+ 33. Rff3 Bh4 34.
Qc5 Rxf3 35. Rxf3 Qg4+ 36. Rg3 Bxg3 37. hxg3 1-0

[Event "C.to Italiano Semifinale"]
[Site "Civitanova Marche ITA"]
[Date "2014.07.19"]
[Round "1"]
[White "Innocenti, Giovanni"]
[Black "Contin, Daniel"]
[WhiteElo "2121"]
[BlackElo "2319"]
[Result "0-1"]
[PlyCount "120"]
[EventDate "2014.07.19"]

1. e4 e6 2. d4 d5 3. Nd2 Nc6 4. Ngf3 Nf6 5. e5 Nd7 6. Be2 f6 7. exf6 Qxf6 8.
Nf1 Bd6 9. Ne3 O-O 10. O-O Qe7 11. c4 dxc4 12. Nxc4 Nb6 13. Bg5 Qe8 14. Bh4 Bf4
15. Bg3 Nd5 16. Re1 Bd7 17. Bf1 Ncb4 18. Bxf4 Nxf4 19. g3 Ng6 20. Nce5 Ba4 21.
b3 Bc6 22. a3 Nd5 23. Rc1 Nxe5 24. Nxe5 Bb5 25. Bh3 Rf6 26. Rc5 b6 27. Rc2 Rd8
28. a4 Ba6 29. Qc1 Bb7 30. Rxc7 Nxc7 31. Qxc7 Bd5 32. Qxa7 Rh6 33. Bg4 Qf8 34.
f4 Qb4 35. Rd1 Rf8 36. Bf3 Qxb3 37. Rf1 Qb2 38. Rf2 Qxd4 39. a5 Rxh2 40. Qxb6
Qxf2+ 41. Qxf2 Rxf2 42. Kxf2 Bxf3 43. Kxf3 Rc8 44. g4 Rc5 45. a6 Ra5 46. g5
Rxa6 47. Kg4 Ra5 48. Nc6 Rc5 49. Nd8 e5 50. f5 Rc4+ 51. Kg3 Rc8 52. Nb7 Rc3+
53. Kf2 h5 54. Nd6 h4 55. g6 Rc6 56. Ne4 Rc4 57. Nd6 Rd4 58. Nc8 Kf8 59. Kg2
Rf4 60. Kh3 e4 0-1

[Event "C.to Italiano Semifinale"]
[Site "Civitanova Marche ITA"]
[Date "2014.07.19"]
[Round "1"]
[White "Marsili, Riccardo"]
[Black "Moroni, Luca Jr"]
[WhiteElo "2136"]
[BlackElo "2347"]
[Result "0-1"]
[PlyCount "110"]
[EventDate "2014.07.19"]

1. c4 e6 2. g3 d5 3. Bg2 dxc4 4. Qa4+ Nd7 5. Nf3 a6 6. Qxc4 b5 7. Qc2 Bb7 8.
O-O c5 9. d3 Ngf6 10. Nc3 Rc8 11. a4 Qb6 12. axb5 axb5 13. Bd2 Be7 14. Rfc1 O-O
15. Qb3 Bc6 16. Ne1 Bxg2 17. Nxg2 Rb8 18. Bf4 Rb7 19. Qa2 Nb8 20. Qa5 Nc6 21.
Qxb6 Rxb6 22. Be3 Rc8 23. Ne4 Nxe4 24. dxe4 Nd8 25. b4 Rbc6 26. bxc5 Bxc5 27.
Bxc5 Rxc5 28. Rxc5 Rxc5 29. Nf4 Rc8 30. Nd3 Nc6 31. Rb1 Rb8 32. Kf1 Kf8 33. Ke1
Ke7 34. Kd2 Kd6 35. Kc3 Kc7 36. Nb4 Ra8 37. Kb3 Na5+ 38. Kc3 Kb6 39. Nc2 Rc8+
40. Kd3 Nc6 41. f4 Rd8+ 42. Kc3 Kc5 43. e3 Rd7 44. h3 Rb7 45. Nd4 b4+ 46. Kd3
Nxd4 47. exd4+ Kb5 48. d5 exd5 49. exd5 Kc5 50. Ke4 b3 51. Rc1+ Kd6 52. Rc6+
Kd7 53. Rc1 b2 54. Rb1 Kd6 55. Kd3 Kxd5 0-1

[Event "C.to Italiano Semifinale"]
[Site "Civitanova Marche ITA"]
[Date "2014.07.19"]
[Round "1"]
[White "Sibilio, Mario"]
[Black "Lantini, Marco"]
[WhiteElo "2315"]
[BlackElo "2119"]
[Result "1/2-1/2"]
[PlyCount "64"]
[EventDate "2014.07.19"]

1. e4 c5 2. Nf3 e6 3. b3 Nc6 4. Bb2 a6 5. Be2 Nf6 6. e5 Nd5 7. O-O Be7 8. Nc3
Nxc3 9. dxc3 O-O 10. c4 d6 11. exd6 Bxd6 12. Qd2 Qe7 13. Rad1 Bc7 14. Qe3 Bd7
15. Ne5 Nxe5 16. Bxe5 Bxe5 17. Qxe5 Rfc8 18. f4 Bc6 19. Rd3 Rd8 20. Rfd1 g6 21.
g3 Rxd3 22. Rxd3 Rd8 23. Kf2 Rxd3 24. Bxd3 f6 25. Qe3 Qd6 26. Ke2 Kf7 27. c3 a5
28. a3 Bh1 29. Kd2 Qc6 30. h4 Bf3 31. b4 b6 32. Ke1 Bg4 1/2-1/2

[Event "C.to Italiano Semifinale"]
[Site "Civitanova Marche ITA"]
[Date "2014.07.19"]
[Round "1"]
[White "Teutsch, Alexander"]
[Black "Bellia, Fabrizio"]
[WhiteElo "2149"]
[BlackElo "2396"]
[Result "0-1"]
[PlyCount "68"]
[EventDate "2014.07.19"]

1. d4 Nf6 2. c4 e6 3. Nc3 Bb4 4. e3 O-O 5. Nge2 d5 6. a3 Be7 7. cxd5 exd5 8.
Nf4 c6 9. Bd3 Na6 10. O-O Nc7 11. Bd2 Ne6 12. Nxe6 Bxe6 13. Rc1 Bd6 14. f4 Re8
15. Qf3 Rc8 16. h3 h6 17. Kh1 Bd7 18. g4 Qe7 19. Rg1 Ne4 20. Bxe4 dxe4 21. Qf2
f6 22. f5 c5 23. Nd5 Qf7 24. dxc5 Be5 25. Nf4 Bxb2 26. Rb1 Bxa3 27. Rxb7 Bxc5
28. Rc1 Bb6 29. Ne6 Rb8 30. Rxb8 Rxb8 31. Qf4 Re8 32. Nc5 Qd5 33. Nxd7 Qxd2 34.
Nxf6+ gxf6 0-1

[Event "C.to Italiano Semifinale"]
[Site "Civitanova Marche ITA"]
[Date "2014.07.19"]
[Round "1"]
[White "Valsecchi, Alessio"]
[Black "Miracola, Massimiliano"]
[WhiteElo "2421"]
[BlackElo "2157"]
[Result "1-0"]
[PlyCount "61"]
[EventDate "2014.07.19"]

1. Nf3 Nf6 2. c4 g6 3. g3 Bg7 4. Bg2 O-O 5. O-O d6 6. Nc3 e5 7. d3 Nc6 8. Rb1
a5 9. a3 Nd4 10. Ne1 c6 11. b4 axb4 12. axb4 Be6 13. Bg5 d5 14. e3 Nf5 15. e4
Ne7 16. exd5 cxd5 17. Bxf6 Bxf6 18. Qf3 Nf5 19. Nxd5 Bxd5 20. Qxd5 Rb8 21. Nc2
Qc7 22. Ne3 Nd4 23. Kh1 Bg7 24. c5 Kh8 25. Nc4 f5 26. Qd6 Qxd6 27. Nxd6 b5 28.
Rfc1 Rf6 29. Bd5 e4 30. dxe4 fxe4 31. Bxe4 1-0